| 000 | 00980mam a2200217 a 4500 | ||
|---|---|---|---|
| 082 |
_a624.1762 _bLOY _cN-01, P-65 |
||
| 100 | 1 |
_aLoya, A. Razzak. _942922 |
|
| 245 | 1 | 0 |
_aSeismic zoning of Karachi and recommendations for seismic design of buildings / _cby A. Razzak Loya, Nayyer Alam Zaigham, Mushtaq H. Dawood. |
| 260 |
_aKarachi : _bAssociation of Consulting Engineers, Pakistan (ACEP) : _bIn association with Karachi Building Control Authority (KBCA), _c2000. |
||
| 300 |
_aviii, 105 p. : _bill. (some col.), maps ; _c28 cm. |
||
| 500 | _a"April 2000"--T.p. | ||
| 526 |
_a0 _b0 _c0 _d624_176200000000000_LOY |
||
| 526 |
_a0 _b0 _c0 _d624_176200000000000_LOY |
||
| 650 | 0 |
_aBuildings _xEarthquake effects _zPakistan _zKarachi. _942923 |
|
| 650 | 0 |
_aEarthquake resistant design _zPakistan _zKarachi. _942924 |
|
| 650 | 0 |
_aMCE _9379 |
|
| 650 | 0 |
_aSeismology _zPakistan _zKarachi. _942925 |
|
| 700 | 1 |
_aDawood, Mushtaq H. _942926 |
|
| 700 | 1 |
_aZaigham, Nayyer Alam. _942927 |
|
| 942 |
_2ddc _cBK |
||
| 999 |
_c546729 _d546729 |
||